| 000 | 00575nmm a2200229 a 4500 | ||
|---|---|---|---|
| 003 | AR-BaBNM | ||
| 005 | 20251128203320.0 | ||
| 008 | 187019s1967 ||||||||||||||000 | spa|| | ||
| 040 | _cAR-BaBNM | ||
| 100 | 1 | _aRosa, José María | |
| 245 | 1 | 0 | _aEstudios revisionistas |
| 260 |
_aBuenos Aires _bSudestada _c1967 |
||
| 300 | _a111 p. | ||
| 650 | 4 | _aCAUDILLOS ARGENTINOS | |
| 650 | 4 | _aSOBERANIA | |
| 650 | 4 | _aHISTORIA DE LAS IDEAS | |
| 650 | 4 | _aHISTORIA POLITICA | |
| 650 | 4 | _aHISTORIA SOCIAL | |
| 650 | 4 | _aHISTORIOGRAFIA ARGENTINA | |
| 942 | _cBK | ||
| 998 | _cmariana | ||
| 999 |
_c2858 _d2858 |
||